El trabajo a tiempo parcial

Сохранить в:
Библиографические подробности
Главный автор: Caamaño Rojo, Eduardo Andrés (autor)
Формат:
Язык:испанский
Опубликовано: Santiago, Chile LexisNexis 2007
Предметы:
Метки: Добавить метку
Нет меток, Требуется 1-ая метка записи!

MARC

LEADER 00000nam a2200000 a 4500
001 UCI2633
003 CL-VaPUC
005 20230809164727.0
008 070831e20070000CL |||||||||||||||||spa|d
999 |c 327115  |d 327113 
020 |a 9789562386807 
040 |c Pontificia Universidad Católica de Valparaíso 
082 0 4 |a 331.2572 CAA 2007  |2 21 
100 1 |a Caamaño Rojo, Eduardo Andrés  |e autor  |9 884107 
245 1 3 |a El trabajo a tiempo parcial 
260 |a Santiago, Chile  |b LexisNexis  |c 2007 
300 |a 285 páginas 
583 |a last modification  |c 20170801 04:25:17  |k Rodrigo Vera 
650 7 |a TRABAJO A TIEMPO PARCIAL  |2 CL-VaPUC  |9 474547 
650 7 |a DERECHO LABORAL  |2 CL-VaPUC  |9 15 
650 0 |a Trabajadores  |9 260887 
852 |a BIBCUR 
942 |c BK  |2 ddc 
945 |d 20070831 00:00:00  |a jtorresc 
952 |0 0  |1 0  |4 0  |6 331_257200000000000_CAA_2007  |7 0  |8 A  |9 409556  |a BIBDER  |b BIBDER  |d 2019-11-22  |i 4368843  |o 331.2572 CAA 2007  |p 4368843  |r 2023-01-25  |w 2019-11-22  |y BK  |k DER 
952 |0 0  |1 0  |4 0  |6 331_257200000000000_CAA_2007  |7 0  |8 A  |9 409557  |a BIBDER  |b BIBDER  |d 2019-11-22  |i 4368851  |o 331.2572 CAA 2007  |p 4368851  |r 2023-01-25  |w 2019-11-22  |y BK  |k DER 
952 |0 0  |1 0  |4 0  |6 331_257200000000000_CAA_2007  |7 0  |8 A  |9 409558  |a BIBDER  |b BIBDER  |d 2019-11-22  |i 4374177  |o 331.2572 CAA 2007  |p 4374177  |r 2023-01-25  |w 2019-11-22  |y BK  |k DER 
952 |0 0  |1 0  |2 ddc  |4 0  |6 331_257200000000000_CAA_2007  |7 1  |8 C_LRYV  |9 409561  |a BIBDER  |b BIBDER  |d 2019-11-22  |i 4387732  |o 331.2572 CAA 2007  |p 4387732  |r 2023-01-25  |w 2019-11-22  |y BK_X  |k BRV